[Event "DEM U10 2025"]
[Site "Willingen GER"]
[Date "2025.06.11"]
[Round "6"]
[White "Vlad, Mark"]
[Black "Wolf, Adam"]
[Result "0-1"]
[Termination "normal"]
[Board "4"]
[WhiteElo "1686"]
[BlackElo "1656"]
[WhiteClock "00:43:29"]
[BlackClock "00:47:15"]
[PlyCount "94"]
[WhiteFideId "34663258"]
[BlackFideId "34623426"]
[EventCountry "GER"]
[EventRounds "9"]
[EventType "swiss"]
[EventDate "2025.06.07"]

1. e4 {[%clk 01:30:54]} {[%emt 00:00:04]} c6 {[%clk 01:30:56]} {[%emt
00:00:05]} 2. Nc3 {[%clk 01:31:20]} {[%emt 00:00:05]} d5 {[%clk 01:31:21]}
{[%emt 00:00:04]} 3. Nf3 {[%clk 01:31:44]} {[%emt 00:00:06]} Bg4 {[%clk
01:31:46]} {[%emt 00:00:05]} 4. h3 {[%clk 01:32:08]} {[%emt 00:00:05]} Bxf3
{[%clk 01:32:12]} {[%emt 00:00:04]} 5. Qxf3 {[%clk 01:32:30]} {[%emt 00:00:08]}
e6 {[%clk 01:29:03]} {[%emt 00:03:40]} 6. d3 {[%clk 01:32:44]} {[%emt
00:00:16]} Bb4 {[%clk 01:28:14]} {[%emt 00:01:18]} 7. a3 {[%clk 01:32:38]}
{[%emt 00:00:37]} Bxc3+ {[%clk 01:28:20]} {[%emt 00:00:25]} 8. bxc3 {[%clk
01:33:02]} {[%emt 00:00:06]} Ne7 {[%clk 01:27:51]} {[%emt 00:00:59]} 9. Be2
{[%clk 01:33:01]} {[%emt 00:00:31]} O-O {[%clk 01:27:31]} {[%emt 00:00:49]} 10.
O-O {[%clk 01:33:12]} {[%emt 00:00:19]} Nd7 {[%clk 01:27:25]} {[%emt 00:00:37]}
11. Bb2 {[%clk 01:33:10]} {[%emt 00:00:32]} Qc7 {[%clk 01:26:01]} {[%emt
00:01:53]} 12. Qg4 {[%clk 01:30:12]} {[%emt 00:03:23]} Nf6 {[%clk 01:25:04]}
{[%emt 00:01:32]} 13. Qf3 {[%clk 01:29:53]} {[%emt 00:00:49]} dxe4 {[%clk
01:20:01]} {[%emt 00:05:33]} 14. dxe4 {[%clk 01:29:58]} {[%emt 00:00:25]} e5
{[%clk 01:20:06]} {[%emt 00:00:25]} 15. Rfd1 {[%clk 01:26:41]} {[%emt
00:03:46]} Rad8 {[%clk 01:18:28]} {[%emt 00:02:09]} 16. a4 {[%clk 01:23:29]}
{[%emt 00:03:43]} c5 {[%clk 01:16:37]} {[%emt 00:02:21]} 17. Ba3 {[%emt
00:04:14]} b6 {[%clk 01:12:45]} {[%emt 00:04:20]} 18. Bb5 {[%clk 01:17:56]}
{[%emt 00:02:21]} Qb7 {[%clk 01:09:48]} {[%emt 00:03:27]} 19. Re1 {[%clk
01:17:13]} {[%emt 00:08:03]} Nc8 {[%clk 01:08:07]} {[%emt 00:02:10]} 20. Qe2
{[%clk 01:13:55]} {[%emt 00:03:48]} Nd6 {[%clk 01:06:32]} {[%emt 00:02:05]} 21.
f3 {[%clk 01:13:08]} {[%emt 00:01:17]} Nh5 {[%clk 01:01:53]} {[%emt 00:05:09]}
22. Rab1 {[%clk 01:07:55]} {[%emt 00:05:44]} Nf4 {[%clk 01:00:50]} {[%emt
00:01:32]} 23. Qf2 {[%clk 01:05:35]} {[%emt 00:02:50]} Nxb5 {[%clk 01:00:10]}
{[%emt 00:01:11]} 24. axb5 {[%clk 01:04:45]} {[%emt 00:01:19]} Rd6 {[%clk
00:59:04]} {[%emt 00:01:36]} 25. Rbd1 {[%clk 01:01:35]} {[%emt 00:03:40]} Rg6
{[%clk 00:58:22]} {[%emt 00:01:12]} 26. Kh1 {[%clk 00:55:48]} {[%emt 00:06:17]}
Rxg2 {[%clk 00:58:23]} {[%emt 00:00:29]} 27. Qxg2 {[%clk 00:56:09]} {[%emt
00:00:08]} Nxg2 {[%clk 00:58:47]} {[%emt 00:00:06]} 28. Kxg2 {[%clk 00:56:30]}
{[%emt 00:00:09]} f5 {[%clk 00:56:42]} {[%emt 00:02:35]} 29. exf5 {[%clk
00:55:44]} {[%emt 00:01:16]} Rxf5 {[%clk 00:55:23]} {[%emt 00:01:49]} 30. Rd8+
{[%clk 00:56:00]} {[%emt 00:00:13]} Kf7 {[%clk 00:55:37]} {[%emt 00:00:17]} 31.
Re3 {[%clk 00:56:23]} {[%emt 00:00:07]} Qe7 {[%clk 00:54:24]} {[%emt 00:01:43]}
32. Red3 {[%clk 00:56:20]} {[%emt 00:00:33]} Qg5+ {[%clk 00:52:29]} {[%emt
00:02:25]} 33. Kf2 {[%clk 00:56:36]} {[%emt 00:00:11]} Qh4+ {[%clk 00:52:47]}
{[%emt 00:00:15]} 34. Ke2 {[%clk 00:56:36]} {[%emt 00:00:30]} Qxh3 {[%clk
00:52:38]} {[%emt 00:00:39]} 35. R8d7+ {[%clk 00:56:56]} {[%emt 00:00:10]} Kg6
{[%clk 00:52:52]} {[%emt 00:00:14]} 36. R7d6+ {[%clk 00:56:57]} {[%emt
00:00:32]} Kh5 {[%clk 00:52:01]} {[%emt 00:01:20]} 37. R6d5 {[%clk 00:54:44]}
{[%emt 00:02:44]} Qg2+ {[%clk 00:50:46]} {[%emt 00:01:45]} 38. Kd1 {[%clk
00:54:47]} {[%emt 00:00:26]} Qg1+ {[%clk 00:49:31]} {[%emt 00:01:45]} 39. Ke2
{[%clk 00:53:46]} {[%emt 00:01:31]} Rg5 {[%clk 00:48:44]} {[%emt 00:01:18]} 40.
Rd2 {[%clk 00:51:18]} {[%emt 00:09:11]} Rg2+ {[%clk 00:47:57]} {[%emt
00:01:16]} 41. Kd3 {[%clk 00:51:05]} {[%emt 00:00:44]} Qf1+ {[%clk 00:48:02]}
{[%emt 00:00:25]} 42. Ke4 {[%clk 00:45:48]} {[%emt 00:05:46]} Qe1+ {[%clk
00:47:43]} {[%emt 00:00:49]} 43. Kf5 {[%clk 00:45:47]} {[%emt 00:00:30]} Rxd2
{[%clk 00:47:16]} {[%emt 00:01:00]} 44. Rxe5 {[%clk 00:45:53]} {[%emt
00:00:23]} Re2 {[%clk 00:47:34]} {[%emt 00:00:12]} 45. Rd5 {[%clk 00:45:34]}
{[%emt 00:00:50]} Kh4 {[%clk 00:46:55]} {[%emt 00:01:08]} 46. c4 {[%clk
00:43:16]} {[%emt 00:02:49]} g6+ {[%clk 00:46:54]} {[%emt 00:00:31]} 47. Kf6
{[%clk 00:43:29]} {[%emt 00:00:16]} Re6+ {[%clk 00:47:15]} {[%emt 00:00:08]}
0-1

[Event "DEM U10 2025"]
[Site "Willingen GER"]
[Date "2025.06.11"]
[Round "6"]
[White "Sander, Tino"]
[Black "Reese, Oscar"]
[Result "1-0"]
[Termination "normal"]
[Board "5"]
[WhiteElo "1800"]
[BlackElo "1666"]
[WhiteClock "00:04:34"]
[BlackClock "00:27:34"]
[PlyCount "121"]
[WhiteFideId "34636110"]
[BlackFideId "34644474"]
[EventCountry "GER"]
[EventRounds "9"]
[EventType "swiss"]
[EventDate "2025.06.07"]

1. e4 {[%clk 01:30:54]} {[%emt 00:00:04]} c5 {[%clk 01:30:56]} {[%emt
00:00:06]} 2. Nf3 {[%clk 01:31:16]} {[%emt 00:00:07]} d6 {[%clk 01:31:19]}
{[%emt 00:00:08]} 3. d4 {[%clk 01:31:32]} {[%emt 00:00:14]} cxd4 {[%clk
01:31:41]} {[%emt 00:00:08]} 4. Nxd4 {[%clk 01:31:50]} {[%emt 00:00:12]} Nf6
{[%clk 01:32:05]} {[%emt 00:00:06]} 5. Nc3 {[%clk 01:31:44]} {[%emt 00:00:35]}
a6 {[%clk 01:32:30]} {[%emt 00:00:06]} 6. Bc4 {[%clk 01:32:05]} {[%emt
00:00:09]} e6 {[%clk 01:32:52]} {[%emt 00:00:08]} 7. Bb3 {[%clk 01:32:29]}
{[%emt 00:00:06]} Nbd7 {[%clk 01:33:16]} {[%emt 00:00:06]} 8. Bg5 {[%clk
01:30:10]} {[%emt 00:02:48]} Nc5 {[%clk 01:33:34]} {[%emt 00:00:13]} 9. Qe2
{[%clk 01:27:05]} {[%emt 00:03:35]} b5 {[%clk 01:33:41]} {[%emt 00:00:22]} 10.
f3 {[%clk 01:26:00]} {[%emt 00:01:34]} Bd7 {[%clk 01:33:14]} {[%emt 00:00:59]}
11. O-O {[%clk 01:12:54]} {[%emt 00:13:35]} Qb6 {[%clk 01:31:08]} {[%emt
00:02:36]} 12. Be3 {[%clk 01:10:58]} {[%emt 00:02:26]} Qc7 {[%clk 01:30:45]}
{[%emt 00:00:52]} 13. Rac1 {[%clk 00:54:08]} {[%emt 00:17:19]} Be7 {[%clk
01:26:30]} {[%emt 00:04:47]} 14. Rfd1 {[%clk 00:52:36]} {[%emt 00:02:01]} e5
{[%clk 01:24:59]} {[%emt 00:02:02]} 15. Nf5 {[%clk 00:52:18]} {[%emt 00:00:48]}
Bxf5 {[%clk 01:23:03]} {[%emt 00:02:26]} 16. exf5 {[%clk 00:52:47]} {[%emt
00:00:02]} h5 {[%clk 01:18:16]} {[%emt 00:05:16]} 17. Bd5 {[%clk 00:40:26]}
{[%emt 00:12:51]} Rd8 {[%clk 01:12:25]} {[%emt 00:06:21]} 18. Ne4 {[%clk
00:36:55]} {[%emt 00:04:00]} O-O {[%clk 01:07:53]} {[%emt 00:05:03]} 19. c4
{[%clk 00:28:50]} {[%emt 00:08:36]} b4 {[%clk 01:03:55]} {[%emt 00:04:27]} 20.
h3 {[%clk 00:21:44]} {[%emt 00:07:36]} h4 {[%clk 01:01:49]} {[%emt 00:02:36]}
21. Bf2 {[%clk 00:20:49]} {[%emt 00:01:24]} Nh5 {[%clk 00:59:09]} {[%emt
00:03:11]} 22. Qe1 {[%clk 00:16:30]} {[%emt 00:04:46]} Nf4 {[%clk 00:53:35]}
{[%emt 00:06:07]} 23. Nxc5 {[%clk 00:16:46]} {[%emt 00:00:14]} dxc5 {[%clk
00:53:44]} {[%emt 00:00:21]} 24. Qe4 {[%clk 00:14:12]} {[%emt 00:03:03]} Bf6
{[%clk 00:49:42]} {[%emt 00:04:33]} 25. Rd2 {[%clk 00:11:32]} {[%emt 00:03:09]}
Qe7 {[%clk 00:44:17]} {[%emt 00:05:57]} 26. Rcd1 {[%clk 00:11:10]} {[%emt
00:00:48]} Bg5 {[%clk 00:42:19]} {[%emt 00:02:31]} 27. Be3 {[%clk 00:10:59]}
{[%emt 00:00:41]} Rc8 {[%clk 00:39:48]} {[%emt 00:03:00]} 28. Kf1 {[%clk
00:09:48]} {[%emt 00:01:42]} Qf6 {[%clk 00:38:59]} {[%emt 00:01:20]} 29. Bb7
{[%clk 00:04:08]} {[%emt 00:06:10]} Nh5 {[%clk 00:35:44]} {[%emt 00:03:44]} 30.
Bxg5 {[%clk 00:02:36]} {[%emt 00:02:03]} Qxg5 {[%clk 00:35:11]} {[%emt
00:01:03]} 31. Qg4 {[%clk 00:01:54]} {[%emt 00:01:13]} Ng3+ {[%clk 00:35:20]}
{[%emt 00:00:20]} 32. Kf2 {[%clk 00:02:14]} {[%emt 00:00:10]} Qxg4 {[%clk
00:35:07]} {[%emt 00:00:44]} 33. hxg4 {[%clk 00:02:42]} {[%emt 00:00:02]} Rc7
{[%clk 00:34:17]} {[%emt 00:01:20]} 34. Rd7 {[%clk 00:02:26]} {[%emt 00:00:46]}
Rxd7 {[%clk 00:34:11]} {[%emt 00:00:37]} 35. Rxd7 {[%clk 00:02:54]} {[%emt
00:00:02]} Re8 {[%clk 00:34:33]} {[%emt 00:00:08]} 36. Bd5 {[%clk 00:03:02]}
{[%emt 00:00:23]} Rf8 {[%clk 00:33:21]} {[%emt 00:01:41]} 37. Rc7 {[%clk
00:03:18]} {[%emt 00:00:22]} e4 38. fxe4 {[%emt 00:06:04]} a5 {[%clk 00:27:44]}
{[%emt 00:00:55]} 39. Rxc5 {[%clk 00:02:38]} {[%emt 00:01:10]} Re8 {[%clk
00:28:08]} {[%emt 00:00:06]} 40. Kf3 {[%clk 00:02:51]} {[%emt 00:00:18]} Nf1
{[%clk 00:28:19]} {[%emt 00:00:18]} 41. Rxa5 {[%clk 00:02:08]} {[%emt
00:01:13]} Nd2+ {[%clk 00:28:44]} {[%emt 00:00:06]} 42. Ke3 {[%clk 00:02:19]}
{[%emt 00:00:19]} Nf1+ {[%clk 00:28:55]} {[%emt 00:00:19]} 43. Kd3 {[%clk
00:02:05]} {[%emt 00:00:43]} Re7 {[%clk 00:28:47]} {[%emt 00:00:38]} 44. c5
{[%clk 00:02:05]} {[%emt 00:00:31]} Nh2 {[%clk 00:28:43]} {[%emt 00:00:34]} 45.
c6 {[%clk 00:01:45]} {[%emt 00:00:50]} Rc7 {[%clk 00:28:38]} {[%emt 00:00:34]}
46. Rb5 {[%clk 00:01:57]} {[%emt 00:00:19]} Nxg4 {[%clk 00:28:31]} {[%emt
00:00:37]} 47. Kd4 {[%clk 00:01:21]} {[%emt 00:01:06]} Kf8 {[%clk 00:27:31]}
{[%emt 00:01:30]} 48. Rb7 {[%clk 00:01:31]} {[%emt 00:00:20]} Rc8 {[%emt
00:00:37]} 49. Rxf7+ {[%clk 00:01:50]} {[%emt 00:00:08]} Ke8 {[%clk 00:27:00]}
{[%emt 00:00:57]} 50. Rxg7 {[%clk 00:02:06]} {[%emt 00:00:13]} Nf6 {[%clk
00:27:12]} {[%emt 00:00:18]} 51. e5 {[%clk 00:02:20]} {[%emt 00:00:17]} Nxd5
{[%clk 00:26:47]} {[%emt 00:00:56]} 52. Kxd5 {[%clk 00:02:35]} {[%emt
00:00:15]} Rd8+ {[%clk 00:26:29]} {[%emt 00:00:48]} 53. Rd7 {[%clk 00:02:45]}
{[%emt 00:00:19]} Rxd7+ {[%clk 00:26:39]} {[%emt 00:00:21]} 54. cxd7+ {[%clk
00:03:12]} {[%emt 00:00:01]} Kxd7 {[%clk 00:27:05]} {[%emt 00:00:05]} 55. e6+
{[%clk 00:03:20]} {[%emt 00:00:22]} Ke7 {[%clk 00:26:14]} {[%emt 00:01:22]} 56.
Ke5 {[%clk 00:03:33]} {[%emt 00:00:17]} b3 {[%clk 00:26:40]} {[%emt 00:00:04]}
57. f6+ {[%clk 00:03:52]} {[%emt 00:00:10]} Ke8 {[%clk 00:26:50]} {[%emt
00:00:20]} 58. axb3 {[%clk 00:04:13]} {[%emt 00:00:09]} h3 59. gxh3 {[%clk
00:04:35]} Kd8 {[%emt 00:00:27]} 60. f7 {[%clk 00:04:53]} {[%emt 00:00:10]} Ke7
{[%clk 00:27:34]} {[%emt 00:00:07]} 61. Kd5 {[%clk 00:04:34]} 1-0

[Event "DEM U10 2025"]
[Site "Willingen GER"]
[Date "2025.06.11"]
[Round "6"]
[White "von Gehlen, Elian"]
[Black "Alloussi, Arian"]
[Result "0-1"]
[Termination "normal"]
[Board "6"]
[WhiteElo "1548"]
[BlackElo "1851"]
[WhiteClock "00:58:00"]
[BlackClock "00:07:02"]
[PlyCount "126"]
[WhiteFideId "34651560"]
[BlackFideId "34637788"]
[EventCountry "GER"]
[EventRounds "9"]
[EventType "swiss"]
[EventDate "2025.06.07"]

1. e4 {[%clk 01:30:49]} {[%emt 00:00:08]} c5 {[%clk 01:30:43]} {[%emt
00:00:19]} 2. Nf3 {[%clk 01:30:45]} {[%emt 00:00:34]} d6 {[%clk 01:31:06]}
{[%emt 00:00:07]} 3. c3 {[%clk 01:30:46]} {[%emt 00:00:27]} Nf6 {[%clk
01:31:27]} {[%emt 00:00:11]} 4. Bd3 {[%clk 01:30:26]} {[%emt 00:00:48]} Nc6
{[%clk 01:30:34]} {[%emt 00:01:25]} 5. Bc2 {[%clk 01:30:24]} {[%emt 00:00:32]}
e6 {[%clk 01:27:15]} {[%emt 00:03:48]} 6. d4 {[%clk 01:29:41]} {[%emt
00:01:13]} cxd4 {[%clk 01:25:52]} {[%emt 00:01:54]} 7. cxd4 {[%clk 01:29:28]}
{[%emt 00:00:43]} g6 {[%clk 01:24:18]} {[%emt 00:02:04]} 8. Nc3 {[%clk
01:28:34]} {[%emt 00:01:22]} Bg7 {[%clk 01:24:14]} {[%emt 00:00:36]} 9. Be3
{[%clk 01:28:12]} {[%emt 00:00:51]} a6 {[%clk 01:23:11]} {[%emt 00:01:34]} 10.
O-O {[%clk 01:26:48]} {[%emt 00:01:53]} O-O {[%clk 01:22:33]} {[%emt 00:01:09]}
11. Qd2 {[%clk 01:25:33]} {[%emt 00:01:44]} b5 {[%clk 01:21:34]} {[%emt
00:01:29]} 12. a3 {[%clk 01:25:13]} {[%emt 00:00:46]} d5 {[%clk 01:19:45]}
{[%emt 00:02:23]} 13. exd5 {[%clk 01:22:11]} {[%emt 00:03:32]} exd5 {[%clk
01:17:54]} {[%emt 00:02:21]} 14. Bh6 {[%clk 01:20:59]} {[%emt 00:01:42]} Bb7
{[%clk 01:14:32]} {[%emt 00:03:52]} 15. Bxg7 {[%clk 01:19:55]} {[%emt
00:01:34]} Kxg7 {[%clk 01:14:50]} {[%emt 00:00:12]} 16. Ne5 {[%clk 01:18:23]}
{[%emt 00:02:01]} Qb6 {[%clk 01:11:07]} {[%emt 00:04:14]} 17. Rad1 {[%clk
01:17:10]} {[%emt 00:01:43]} Rfe8 {[%clk 01:09:43]} {[%emt 00:01:54]} 18. Rfe1
{[%clk 01:10:03]} {[%emt 00:07:36]} Re6 {[%clk 01:03:47]} {[%emt 00:06:26]} 19.
Bb3 {[%clk 01:04:58]} {[%emt 00:05:36]} Na5 {[%clk 01:01:08]} {[%emt 00:03:08]}
20. Ba2 {[%clk 01:01:32]} {[%emt 00:03:57]} Nc4 {[%clk 00:59:32]} {[%emt
00:02:06]} 21. Bxc4 {[%clk 01:00:36]} {[%emt 00:01:26]} dxc4 {[%clk 00:58:46]}
{[%emt 00:01:16]} 22. Qf4 {[%clk 00:55:24]} {[%emt 00:05:41]} Qc7 {[%clk
00:56:26]} {[%emt 00:02:50]} 23. Nxg6 {[%clk 00:52:21]} {[%emt 00:03:33]} Qc6
{[%clk 00:39:44]} {[%emt 00:17:13]} 24. Nh4 {[%clk 00:52:11]} {[%emt 00:00:39]}
Rg8 {[%clk 00:38:25]} {[%emt 00:01:50]} 25. Nf5+ {[%clk 00:48:15]} {[%emt
00:04:26]} Kh8 {[%clk 00:36:50]} {[%emt 00:02:05]} 26. d5 {[%clk 00:42:23]}
{[%emt 00:06:22]} Nxd5 {[%clk 00:34:30]} {[%emt 00:02:50]} 27. Nxd5 {[%clk
00:39:45]} {[%emt 00:03:08]} Rxe1+ {[%clk 00:27:07]} {[%emt 00:07:53]} 28. Rxe1
{[%clk 00:40:06]} {[%emt 00:00:08]} Qxd5 {[%clk 00:26:28]} {[%emt 00:01:10]}
29. f3 {[%clk 00:39:58]} {[%emt 00:00:38]} f6 {[%clk 00:10:59]} {[%emt
00:15:58]} 30. Nd4 {[%clk 00:37:13]} {[%emt 00:03:15]} Qg5 {[%clk 00:08:34]}
{[%emt 00:02:55]} 31. Qxg5 {[%clk 00:37:30]} {[%emt 00:00:14]} Rxg5 {[%clk
00:05:07]} {[%emt 00:03:57]} 32. Re7 {[%clk 00:37:33]} {[%emt 00:00:26]} Rd5
{[%clk 00:02:04]} {[%emt 00:03:33]} 33. Ne6 {[%clk 00:37:38]} {[%emt 00:00:26]}
Bc6 {[%clk 00:02:07]} {[%emt 00:00:27]} 34. Rf7 {[%clk 00:37:46]} {[%emt
00:00:22]} h5 {[%clk 00:01:49]} {[%emt 00:00:48]} 35. Rxf6 {[%clk 00:38:09]}
{[%emt 00:00:06]} Rd1+ {[%clk 00:01:38]} {[%emt 00:00:41]} 36. Kf2 {[%clk
00:38:32]} {[%emt 00:00:07]} Rd2+ {[%clk 00:01:39]} {[%emt 00:00:29]} 37. Kg3
{[%clk 00:38:52]} {[%emt 00:00:10]} Rxb2 {[%clk 00:01:30]} {[%emt 00:00:39]}
38. Rh6+ {[%clk 00:38:48]} {[%emt 00:00:33]} Kg8 {[%clk 00:01:56]} {[%emt
00:00:06]} 39. Nf4 {[%clk 00:39:06]} {[%emt 00:00:12]} Bd7 {[%clk 00:01:26]}
{[%emt 00:01:00]} 40. Rxa6 {[%clk 00:39:26]} {[%emt 00:00:10]} c3 {[%clk
00:01:27]} {[%emt 00:00:30]} 41. Ra7 {[%clk 00:39:44]} {[%emt 00:00:12]} c2
{[%clk 00:27:29]} {[%emt 00:04:28]} 42. Rc7 {[%clk 01:09:20]} {[%emt 00:00:54]}
Bf5 {[%clk 00:25:45]} {[%emt 00:02:14]} 43. Rc5 {[%clk 01:06:35]} {[%emt
00:03:13]} Rb1 {[%clk 00:19:18]} {[%emt 00:06:59]} 44. Nd5 {[%clk 01:04:25]}
{[%emt 00:02:40]} Kf7 {[%clk 00:17:14]} {[%emt 00:02:33]} 45. Ne3 {[%clk
01:04:42]} {[%emt 00:00:14]} c1=Q {[%clk 00:12:54]} {[%emt 00:04:50]} 46. Rxc1
{[%clk 01:05:04]} {[%emt 00:00:08]} Rxc1 {[%clk 00:13:06]} {[%emt 00:00:18]}
47. Nxf5 {[%clk 01:04:19]} {[%emt 00:01:14]} Rc5 {[%clk 00:12:52]} {[%emt
00:00:44]} 48. Nd4 {[%clk 01:04:03]} {[%emt 00:00:47]} Rd5 {[%clk 00:12:19]}
{[%emt 00:01:03]} 49. Nc6 {[%clk 01:03:44]} {[%emt 00:00:49]} Ke6 {[%clk
00:10:17]} {[%emt 00:02:32]} 50. Nb4 {[%clk 00:59:50]} {[%emt 00:00:08]} Rc5
{[%clk 00:10:34]} {[%emt 00:04:28]} 51. Kh4 {[%clk 00:58:23]} {[%emt 00:01:58]}
Rc3 {[%clk 00:08:12]} {[%emt 00:02:51]} 52. Kxh5 {[%clk 00:58:46]} {[%emt
00:00:07]} Rxa3 {[%clk 00:07:50]} {[%emt 00:00:52]} 53. Kg6 {[%clk 00:58:18]}
{[%emt 00:00:58]} Rb3 {[%clk 00:07:20]} {[%emt 00:01:00]} 54. Nc2 {[%clk
00:56:29]} {[%emt 00:02:19]} Rb2 {[%clk 00:07:11]} {[%emt 00:00:40]} 55. Ne3
{[%clk 00:56:50]} {[%emt 00:00:09]} Re2 {[%clk 00:06:36]} {[%emt 00:01:05]} 56.
Ng4 {[%clk 00:56:31]} {[%emt 00:00:49]} Rxg2 {[%clk 00:05:45]} {[%emt
00:01:21]} 57. h4 {[%clk 00:56:51]} {[%emt 00:00:10]} b4 {[%clk 00:05:56]}
{[%emt 00:00:20]} 58. h5 {[%clk 00:57:14]} {[%emt 00:00:07]} b3 {[%clk
00:05:43]} {[%emt 00:00:43]} 59. h6 {[%clk 00:57:35]} {[%emt 00:00:08]} b2
{[%clk 00:06:03]} {[%emt 00:00:11]} 60. h7 {[%clk 00:58:01]} {[%emt 00:00:04]}
b1=Q {[%clk 00:06:27]} {[%emt 00:00:05]} 61. Kg7 {[%clk 00:57:29]} {[%emt
00:01:02]} Qb7+ {[%clk 00:06:15]} {[%emt 00:00:42]} 62. Kg8 {[%clk 00:57:44]}
{[%emt 00:00:14]} Qf7+ {[%clk 00:06:37]} {[%emt 00:00:09]} 63. Kh8 {[%clk
00:58:00]} {[%emt 00:00:15]} Qf8# {[%clk 00:07:02]} {[%emt 00:00:06]} 0-1

[Event "DEM U10 2025"]
[Site "Willingen GER"]
[Date "2025.06.11"]
[Round "6"]
[White "Mitin, Maximilian"]
[Black "Mettenbrink, Tammo"]
[Result "1-0"]
[Termination "normal"]
[Board "7"]
[WhiteElo "1714"]
[BlackElo "1275"]
[WhiteClock "00:57:29"]
[BlackClock "00:45:14"]
[PlyCount "79"]
[WhiteFideId "533034281"]
[BlackFideId "533043043"]
[EventCountry "GER"]
[EventRounds "9"]
[EventType "swiss"]
[EventDate "2025.06.07"]

1. d4 {[%clk 01:30:52]} {[%emt 00:00:07]} d5 {[%clk 01:30:57]} {[%emt
00:00:04]} 2. c4 {[%clk 01:30:41]} {[%emt 00:00:40]} c6 {[%clk 01:31:19]}
{[%emt 00:00:08]} 3. e3 {[%clk 01:30:30]} {[%emt 00:00:41]} Bf5 {[%clk
01:31:27]} {[%emt 00:00:21]} 4. Nc3 {[%clk 01:29:57]} {[%emt 00:01:03]} e6
{[%clk 01:31:23]} {[%emt 00:00:34]} 5. Nf3 {[%clk 01:29:10]} {[%emt 00:01:17]}
Nf6 {[%clk 01:31:22]} {[%emt 00:00:30]} 6. Nh4 {[%clk 01:25:12]} {[%emt
00:04:29]} Bg6 {[%clk 01:28:30]} {[%emt 00:03:23]} 7. Nxg6 {[%clk 01:24:31]}
{[%emt 00:01:11]} hxg6 {[%clk 01:27:56]} {[%emt 00:01:05]} 8. Qb3 {[%clk
01:23:53]} {[%emt 00:01:08]} Qc7 {[%clk 01:27:24]} {[%emt 00:01:01]} 9. cxd5
{[%clk 01:21:39]} {[%emt 00:02:44]} cxd5 {[%clk 01:26:41]} {[%emt 00:01:13]}
10. Qa4+ {[%clk 01:21:38]} {[%emt 00:00:31]} Nc6 {[%clk 01:26:14]} {[%emt
00:00:57]} 11. a3 {[%clk 01:21:11]} {[%emt 00:00:58]} Rc8 {[%clk 01:21:44]}
{[%emt 00:05:00]} 12. Bd2 {[%clk 01:19:59]} {[%emt 00:01:42]} a6 {[%clk
01:20:56]} {[%emt 00:01:19]} 13. b4 {[%clk 01:20:11]} {[%emt 00:00:17]} Rxh2
{[%clk 01:19:10]} {[%emt 00:02:16]} 14. Rxh2 {[%clk 01:20:15]} {[%emt
00:00:25]} Qxh2 {[%clk 01:19:20]} {[%emt 00:00:20]} 15. b5 {[%clk 01:20:26]}
{[%emt 00:00:19]} axb5 {[%clk 01:19:19]} {[%emt 00:00:32]} 16. Qxb5 {[%clk
01:20:49]} {[%emt 00:00:07]} Qc7 {[%clk 01:19:32]} {[%emt 00:00:17]} 17. Rb1
{[%clk 01:20:45]} {[%emt 00:00:33]} Rb8 {[%clk 01:18:34]} {[%emt 00:01:28]} 18.
Rb3 {[%clk 01:18:50]} {[%emt 00:02:25]} Nd7 {[%clk 01:16:49]} {[%emt 00:02:15]}
19. Na2 {[%clk 01:11:39]} {[%emt 00:07:41]} Be7 {[%clk 01:12:07]} {[%emt
00:05:12]} 20. Rc3 {[%clk 01:10:36]} {[%emt 00:01:34]} Bd8 {[%clk 01:08:35]}
{[%emt 00:04:00]} 21. Nb4 {[%clk 01:09:31]} {[%emt 00:01:37]} Na7 {[%clk
01:06:57]} {[%emt 00:02:08]} 22. Qa4 {[%clk 01:07:38]} {[%emt 00:02:23]} Qa5
{[%clk 01:06:47]} {[%emt 00:00:40]} 23. Qb3 {[%clk 01:06:36]} {[%emt 00:01:32]}
Nb5 {[%clk 01:04:19]} {[%emt 00:02:58]} 24. Bxb5 {[%clk 01:06:11]} {[%emt
00:00:55]} Qxb5 {[%clk 01:04:28]} {[%emt 00:00:21]} 25. a4 {[%clk 01:06:29]}
{[%emt 00:00:13]} Qb6 {[%clk 01:03:50]} {[%emt 00:01:03]} 26. Rc1 {[%clk
01:00:00]} {[%emt 00:07:03]} Qd6 {[%clk 01:00:17]} {[%emt 00:04:04]} 27. g3
{[%clk 00:58:45]} {[%emt 00:01:45]} Nb6 {[%clk 00:58:34]} {[%emt 00:02:13]} 28.
e4 {[%clk 00:58:20]} {[%emt 00:00:54]} dxe4 {[%clk 00:56:40]} {[%emt 00:02:25]}
29. Bf4 {[%clk 00:58:38]} {[%emt 00:00:12]} Qxd4 {[%clk 00:55:02]} {[%emt
00:02:08]} 30. Bxb8 {[%clk 00:58:59]} {[%emt 00:00:09]} Nd7 {[%clk 00:53:41]}
{[%emt 00:01:51]} 31. Rd1 {[%clk 00:58:28]} {[%emt 00:01:02]} Qf6 {[%clk
00:52:09]} {[%emt 00:02:01]} 32. Bd6 {[%emt 00:00:14]} Bb6 {[%clk 00:50:15]}
{[%emt 00:02:23]} 33. Qc2 {[%clk 00:57:56]} {[%emt 00:01:19]} e3 {[%clk
00:47:15]} {[%emt 00:03:30]} 34. Qc8+ {[%clk 00:57:16]} {[%emt 00:01:11]} Bd8
{[%clk 00:47:22]} {[%emt 00:00:22]} 35. fxe3 {[%clk 00:57:30]} {[%emt
00:00:16]} Qf3 {[%clk 00:46:26]} {[%emt 00:01:24]} 36. Rd3 {[%clk 00:57:18]}
{[%emt 00:00:44]} Qh1+ {[%clk 00:45:34]} {[%emt 00:01:22]} 37. Kd2 {[%clk
00:57:29]} {[%emt 00:00:19]} Qf1 {[%clk 00:44:39]} {[%emt 00:01:19]} 38. Bc7
{[%clk 00:56:53]} {[%emt 00:01:12]} Qf2+ {[%clk 00:44:52]} {[%emt 00:00:16]}
39. Kc3 {[%clk 00:57:14]} {[%emt 00:00:10]} Qe1+ {[%clk 00:45:14]} {[%emt
00:00:07]} 40. Kc4 {[%clk 00:57:29]} {[%emt 00:00:15]} 1-0